Ancient promises / (Record no. 233737)

000 -LEADER
fixed length control field 00918cam a2200289 a 4500
001 - CONTROL NUMBER
control field 12026540
003 - CONTROL NUMBER IDENTIFIER
control field Nust
005 - DATE AND TIME OF LATEST TRANSACTION
control field 20170310155823.0
008 - FIXED-LENGTH DATA ELEMENTS--GENERAL INFORMATION
fixed length control field 000310s2000 ii 000 1 eng
010 ## - LIBRARY OF CONGRESS CONTROL NUMBER
LC control number 99949524
020 ## - INTERNATIONAL STANDARD BOOK NUMBER
International Standard Book Number 9780140293593
025 ## - OVERSEAS ACQUISITION NUMBER
Overseas acquisition number I-E-99-949524; 526
035 ## - SYSTEM CONTROL NUMBER
System control number (DLC) 99949524
037 ## - SOURCE OF ACQUISITION
Source of stock number/acquisition Library of Congress -- New Delhi Field Office
Terms of availability Rs250.00
040 ## - CATALOGING SOURCE
Original cataloging agency DLC
Transcribing agency DLC
Modifying agency DLC
042 ## - AUTHENTICATION CODE
Authentication code lcode
050 00 - LIBRARY OF CONGRESS CALL NUMBER
Classification number PR9499.3.M54
Item number A53 2000
082 00 - DEWEY DECIMAL CLASSIFICATION NUMBER
Classification number 823.92
Author Mark MIS
100 1# - MAIN ENTRY--PERSONAL NAME
Personal name Misra, Jaishree,
Dates associated with a name 1961-
245 10 - TITLE STATEMENT
Title Ancient promises /
Statement of responsibility, etc. Jaishree Misra.
260 ## - PUBLICATION, DISTRIBUTION, ETC.
Place of publication, distribution, etc. New Delhi ;
-- New York, NY :
Name of publisher, distributor, etc. Penguin Books,
Date of publication, distribution, etc. 2000.
300 ## - PHYSICAL DESCRIPTION
Extent 309 p. ;
Dimensions 21 cm.
500 ## - GENERAL NOTE
General note Novel.
906 ## - LOCAL DATA ELEMENT F, LDF (RLIN)
a 7
b cbc
c origode
d 3
e ncip
f 19
g y-gencatlg
942 ## - ADDED ENTRY ELEMENTS (KOHA)
Source of classification or shelving scheme
Koha item type Book
Holdings
Withdrawn status Lost status Source of classification or shelving scheme Damaged status Not for loan Collection code Permanent Location Current Location Shelving location Date acquired Total Checkouts Full call number Barcode Checked out Date last seen Date last checked out Copy number Price effective from Koha item type
            Central Library (CL) Central Library (CL) Fiction 03/10/2017 2 823.92 MIS CL373 06/09/2026 05/10/2026 05/10/2026 1 03/10/2017 Book
© 2023 Central Library, National University of Sciences and Technology. All Rights Reserved.